000 00769nam a22002417a 4500
003 OSt
005 20250509015523.0
008 250509t2000 |||||||| |||| 00| | eng d
020 _a0-609-80766-8
040 _cJMCFI - Learning Resource Center
082 _aMAHL/Phrma 615 P348 2000
245 _aThe PDR family guide to prescription drugs /
250 _aEighth edition.
260 _aNew York :
_bThree Rivers Press ,
_c2000.
300 _axv, 927 pages ;
_c23 cm
500 _aIncludes indexes.
650 _aDrugs
_xPopular works
_vPeriodicals.
_932318
650 _aDrugs
_vHandbooks, manual, etc.
_932319
650 _aDrugs
_xCatalog.
_932320
650 _aPharmaceutical preparations.
_96650
650 _aDrugs.
_96620
942 _2ddc
_cBK
_eEighth edition
_n0
999 _c10184
_d10184